| 000 | 00744nam a2200193Ia 4500 | ||
|---|---|---|---|
| 008 | 151121s9999||||xx |||||||||||||| ||und|| | ||
| 082 | _a181।4/इस्लाम | ||
| 082 | _bHNW-60373 | ||
| 100 | _aइस्लामपूरकर वामनशास्त्री | ||
| 245 | _aतैत्तिरीयोपनिषद--9 | ||
| 260 | _bआनंदाश्रम। | ||
| 260 | _c-- | ||
| 300 | _a165 | ||
| 600 | _aइस्लामपूरकर वामनशास्त्री | ||
| 630 | _aतैत्तिरीयोपनिषद--9 | ||
| 700 | _aइस्लामपूरकर वामनशास्त्री | ||
| 730 | _aतैत्तिरीयोपनिषद--9 | ||
| 942 | _cBOOK | ||
| 999 |
_c1241922 _d1241919 |
||